00205 a2200109 4500001000700000020000600007040001100013100001900024240002400043245001900067362000900086163626 a  cMagnum aSmith, Bernard10aThe last photolING10aThe last photo0 a1899